Group process in administration (Record no. 1848574)

MARC details
000 -LEADER
fixed length control field 00500nam a22001817a 4500
005 - DATE AND TIME OF LATEST TRANSACTION
control field 20260427133745.0
008 - FIXED-LENGTH DATA ELEMENTS--GENERAL INFORMATION
fixed length control field 260427b |||||||| |||| 00| 0 eng d
037 ## - SOURCE OF ACQUISITION
Terms of availability DSWL
040 ## - CATALOGING SOURCE
Original cataloging agency DSWL
Transcribing agency DSWL
041 ## - LANGUAGE CODE
Language code of original eng
084 ## - COLON CLASSIFICATION NUMBER
Classification number YX,ZD:8 N46;3
100 ## - MAIN ENTRY--PERSONAL NAME
Personal name Trecker, H B
9 (RLIN) 1235769
245 ## - TITLE STATEMENT
Title Group process in administration
260 ## - PUBLICATION, DISTRIBUTION, ETC.
Place of publication, distribution, etc. Ney York,
Name of publisher, distributor, etc. Woman's Press,
Date of publication, distribution, etc. 1946
300 ## - PHYSICAL DESCRIPTION
Extent XIX+127p
942 ## - ADDED ENTRY ELEMENTS (KOHA)
Source of classification or shelving scheme Colon Classification (CC)
Koha item type Textual
Classification part YX,ZD:8 N46;3
Suppress in OPAC No
Holdings
Withdrawn status Lost status Source of classification or shelving scheme Damaged status Not for loan Home library Current library Date acquired Source of acquisition Total Checkouts Full call number Barcode Date last seen Date last checked out Price effective from Koha item type
    Colon Classification (CC)     Department of Social Work Library Department of Social Work Library 2026-04-27 Miss Timmant 1 YX,ZD:8 N46;3 SW0004889 2026-05-07 2026-04-27 2026-04-27 Textual
Copyright @ Delhi University Library System